| 000 | 02914nam0a2200409 4500 | ||
|---|---|---|---|
| 001 | RU\NLR\BIBL_A\012149498 | ||
| 005 | 20260407115709.0 | ||
| 035 | _a(NLR Aleph) 012149498 | ||
| 090 |
_a12140255 _c12140255 |
||
| 100 | _a20191129d1898 |||y0rusy50 ca | ||
| 101 | 0 | _arus | |
| 102 | _aRU | ||
| 105 | _ay z 000zy | ||
| 200 | 1 |
_aОб определении количества тяжестей и количества обывательских подвод для перевозки их при передвижении сменных казачьих команд _eпредставление по сему делу разослано Членам Государственного Совета, в печатных экземплярах _fГосударственный Совет в Департаменте Государственной Экономии, Военное Министерство. 30 апреля 1898 года. № 157 |
|
| 210 |
_a[С.-Петербург _cб. и.] _d1898 |
||
| 215 |
_a2 с. _d33 |
||
| 300 | _aВ конце текста: Подписали: Д. Сольский, М. Каханов, Н. Чихачов [и др.]; Скрепил: Статс-Секретарь Г. Шамшин | ||
| 300 | _aНа стр. 1: DXXXIII, 5 | ||
| 309 | _aБез тит. л. и обл. | ||
| 601 | 0 | 1 |
_aРоссия _bДепартамент государственной экономии _jДокументы и материалы _92388205 _3RU\NLR\AUTH\6601644949 |
| 601 | 0 | 1 |
_aРоссия _bКазачьи войска _jДокументы и материалы _92167642 _3RU\NLR\AUTH\6601540862 |
| 606 | 1 |
_aВоинские перевозки _jДокументы и материалы _91068713 _3RU\NLR\AUTH\6697408 |
|
| 686 | 3 | _aУ03(2)53-212.11,011 | |
| 686 | 3 | _aЦ59,8(2)2,011 | |
| 702 | 1 |
_4720 _8rus _7ca _aСольский _bД. М. _cгос. деятель _f1833-1910 _gДмитрий Мартынович _3RU\NLR\AUTH\7783181 _966109 |
|
| 702 | 1 |
_4720 _7ca _8rus _aКаханов _bМ. С. _f1833-1900 _gМихаил Семёнович _9197457 _3RU\NLR\AUTH\770197508 |
|
| 702 | 1 |
_4720 _7ca _8rus _aЧихачёв _bН. М. _cадмирал, гос. деятель _f1830-1917 _gНиколай Матвеевич _9197499 _3RU\NLR\AUTH\770197550 |
|
| 702 | 1 |
_4720 _aШамшин _bГ. И. _cгос. деятель _f1853-1918 _gГригорий Иванович _9197513 _3RU\NLR\AUTH\770197564 |
|
| 711 | 0 | 1 |
_aРоссия _bГосударственный совет _3RU\NLR\AUTH\889948587 _9392796 |
| 711 | 0 | 1 |
_aРоссия _bВоенное министерство _3RU\NLR\AUTH\889942200 _9379257 |
| 712 | 0 | 1 |
_4570 _aРоссия _bДепартамент государственной экономии _3RU\NLR\AUTH\889933514 _9362122 |
| 852 |
_aNLR _j135/294-325(15) |
||
| 942 | _cBOOK | ||
| 980 | _aNB | ||